000 00283nam a2200121Ia 4500
008 240731s9999 xx 000 0 und d
022 _a1933-6942
245 0 _aFly
260 _bTaylor & Francis
856 _uhttps://www.tandfonline.com/loi/kfly20
942 _2ddc
942 _cTFEJ
999 _c76629
_d76629
945 _a1
_bMadushi Gamage
_c1
_dMadushi Gamage